Mathématiques: classes terminales C et E. Nouveau programme
-д хадгалсан:
| Үндсэн зохиолчид: | , , , |
|---|---|
| Формат: | Ном |
| Хэл сонгох: | франц |
| Хэвлэсэн: |
París
Hatier
1971
|
| Цуврал: | Collection E. Riche
|
| Нөхцлүүд: | |
| Шошгууд: |
Шошго нэмэх
Шошго байхгүй, Энэхүү баримтыг шошголох эхний хүн болох!
|
MARC
| LEADER | 00000nam a2200000 a 4500 | ||
|---|---|---|---|
| 001 | UCQ9514 | ||
| 003 | CL-VaPUC | ||
| 008 | 990112e19710000FR |||||||||||||||||fre|d | ||
| 082 | 0 | 4 | |a 510.7 |b COU |2 21 |
| 100 | 0 | |a Courtial, C |e author |9 424106 | |
| 700 | 0 | |a Exbrayat, F |e author |9 424107 | |
| 700 | 0 | |a Guelfi, F |e author |9 424108 | |
| 700 | 0 | |a Riche, E |e author |9 424109 | |
| 245 | 1 | 0 | |a Mathématiques: classes terminales C et E. Nouveau programme |
| 300 | |a 2 v | ||
| 942 | |c BK | ||
| 945 | |d 19990112 00:00:00 |a crobeson | ||
| 260 | |a París |b Hatier |c 1971 | ||
| 650 | 0 | |a Métodos de enseñanza |9 270413 | |
| 650 | 0 | |a Álgebra |9 259567 | |
| 650 | 0 | |a Geometría |9 264063 | |
| 650 | 0 | |a Análisis numérico |9 259387 | |
| 650 | 0 | |a Matemáticas |x Enseñanza |9 875527 | |
| 583 | |a last modification |c 19990112 00:00:00 |k Rodrigo Vera | ||
| 490 | 0 | |a Collection E. Riche | |
| 999 | |c 278514 |d 278512 | ||